Statistics for English counties that don't contain any cities

Click here to take the quiz!

General Stats

  • This quiz has been taken 200 times
  • The average score is 6 of 12

Answer Stats

County% Correct
Rutland
65%
Suffolk
65%
Dorset
59%
Northumberland
52%
Berkshire
49%
Shropshire
46%
Northamptonshire
42%
Bedfordshire
41%
Buckinghamshire
40%
Surrey
40%
Isle of Wight
30%
Warwickshire
30%

Score Distribution

Percentile by Number Answered

Percent of People with Each Score

Your Score History

You have not taken this quiz